Top 10 snowiest countries - Statistics

General Stats
  • This quiz has been taken 403 times
  • The average score is 8 of 10
Answer Stats
Hint Answer % Correct
2,200 inches Canada
98%
1,000 inches Russia
98%
1,500 inches USA
95%
900 inches Norway
91%
600 inches China
90%
3,000 inches Japan
87%
500 inches Denmark (Greenland)
80%
700 inches North Korea
69%
400 inches South Korea
68%
550 inches Nepal
63%
No matching quizzes found
Score Distribution
Percent of People with Each Score
Percentile by Number Answered
Your Score History
You have not taken this quiz